| 000 | 00892nam a2200253Ia 4500 | ||
|---|---|---|---|
| 001 | 23761 | ||
| 003 | GE_BSU | ||
| 008 | 181216s||||||||xx |||||||||||||| ||und|| | ||
| 020 | _a552500626 | ||
| 040 | _cGE_BSU | ||
| 080 | _a82-93:821.133.1-312.9 | ||
| 100 | _aვერნი, ჟიულ | ||
| 245 | _a80000 კილომეტრი წყალქვეშ. | ||
| 245 | _bრომანი | ||
| 245 | _cფრანგ. თარგმნა ნიკო კურდღელაშვილმა ; მხატვ. კახა ბახტაძე. რედ. ც.ზაზაშვილი | ||
| 260 | _aთბილისი | ||
| 260 | _bნაკადული | ||
| 260 | _c1995 | ||
| 300 | _a319 გვ. ; 20 სმ. | ||
| 541 | _h7 ლ. | ||
| 653 | _a80000 კილომეტრი წყალქვეშ. | ||
| 653 | _aრომანი | ||
| 942 | _cBK | ||
| 999 |
_c56639 _d56639 |
||